[Event "31 Andorra open"]
[Site "Erts - La Massana"]
[Date "2013.07.27"]
[Round "8.2"]
[White "Rodshtein, Maxim"]
[Black "Vazquez Igarza, Renier"]
[Result "1/2-1/2"]
[WhiteElo "2641"]
[BlackElo "2571"]
[PlyCount "50"]
[EventDate "2013.07.??"]

1. Nf3 Nf6 2. c4 b6 3. d4 e6 4. g3 Bb4+ 5. Bd2 Bxd2+ 6. Qxd2 Bb7 7. Bg2 O-O 8.
O-O d6 9. Qf4 Nh5 10. Qe3 Nf6 11. Nc3 Nbd7 12. Rfe1 Re8 13. Rad1 a5 14. Qf4 Qb8
15. e4 e5 16. Qd2 c6 17. Nh4 g6 18. Qg5 exd4 19. Rxd4 d5 20. cxd5 cxd5 21. Bh3
Re5 22. Qd2 Qe8 23. Nf3 dxe4 24. Rxd7 e3 25. fxe3 Bxf3 1/2-1/2

[Event "31 Andorra open"]
[Site "Erts - La Massana"]
[Date "2013.07.27"]
[Round "8.4"]
[White "Burg, Twan"]
[Black "Narciso Dublan, Marc"]
[Result "0-1"]
[WhiteElo "2479"]
[BlackElo "2536"]
[PlyCount "176"]
[EventDate "2013.07.??"]

1. e4 c6 2. d4 d5 3. Nc3 dxe4 4. Nxe4 Nf6 5. Nxf6+ exf6 6. c3 Bd6 7. Bd3 O-O 8.
Qc2 Re8+ 9. Ne2 g6 10. h4 Be6 11. h5 f5 12. hxg6 fxg6 13. Bh6 Bf7 14. O-O-O Nd7
15. Kb1 b5 16. f3 Qf6 17. Qd2 Nb6 18. b3 a5 19. Bg5 Qg7 20. Bh6 Qf6 21. Bg5 Qg7
22. g4 fxg4 23. fxg4 Bd5 24. Rhf1 Be4 25. Bf4 Nd5 26. Bxd6 Bxd3+ 27. Qxd3 Re3
28. Qc2 Rxe2 29. Rd2 Re6 30. Be5 Rxe5 31. dxe5 Ne3 32. Qe4 Nxf1 33. Rd1 Rf8 34.
Qe2 Ng3 35. Qe3 Rf1 36. Re1 Rxe1+ 37. Qxe1 Nf1 38. e6 Qe7 39. g5 Nh2 40. Qe2
Nf3 41. Qxf3 Qxe6 42. Qg3 Qe4+ 43. Kb2 b4 44. c4 h5 45. gxh6 Kh7 46. Qg5 Qf5
47. Qe3 Qf6+ 48. Kc2 g5 49. Kd1 Kxh6 50. Qh3+ Kg6 51. Qd3+ Qf5 52. Qd6+ Kh5 53.
Qxc6 Qb1+ 54. Ke2 Qxa2+ 55. Kf1 Qxb3 56. Qh1+ Kg4 57. Qe4+ Kg3 58. Qe5+ Kh4 59.
Qe4+ g4 60. Qe7+ Kh3 61. Qh7+ Kg3 62. Qc7+ Kf3 63. Qc6+ Ke3 64. Qe6+ Kd3 65.
Qd5+ Kc3 66. Qxa5 Qd1+ 67. Kf2 Qf3+ 68. Ke1 g3 69. Qa1+ Kxc4 70. Qa2+ Kb5 71.
Qe6 Qc3+ 72. Kd1 Qd4+ 73. Ke1 g2 74. Qe8+ Kc4 75. Qg8+ Kc3 76. Qxg2 b3 77. Qf3+
Qd3 78. Qc6+ Kb2 79. Qb6 Kc2 80. Qf2+ Kb1 81. Qb6 b2 82. Qb4 Ka2 83. Qa5+ Kb3
84. Qb6+ Kc2 85. Qf2+ Kb1 86. Qb6 Qc2 87. Qb4 Qc6 88. Qb3 Qc1+ 0-1

[Event "31 Andorra open"]
[Site "Erts - La Massana"]
[Date "2013.07.27"]
[Round "8.5"]
[White "Tania, Sachdev"]
[Black "Gozzoli, Yannick"]
[Result "1/2-1/2"]
[WhiteElo "2430"]
[BlackElo "2523"]
[PlyCount "38"]
[EventDate "2013.07.??"]

1. d4 Nf6 2. c4 e6 3. Nf3 c5 4. d5 b5 5. Bg5 b4 6. e4 d6 7. dxe6 Bxe6 8. Nbd2
Nc6 9. Be2 Be7 10. O-O O-O 11. h3 Nd7 12. Bxe7 Qxe7 13. Ne1 a5 14. Nc2 Nb6 15.
Ne3 Nd4 16. Bd3 a4 17. Nf3 Nxf3+ 18. Qxf3 Nd7 19. Qe2 a3 1/2-1/2

[Event "31 Andorra open"]
[Site "Erts - La Massana"]
[Date "2013.07.27"]
[Round "8.6"]
[White "Kjartansson, Gudmundur"]
[Black "Peralta, Fernando"]
[Result "1/2-1/2"]
[WhiteElo "2444"]
[BlackElo "2622"]
[PlyCount "146"]
[EventDate "2013.07.??"]

1. c4 e6 2. g3 d5 3. Nf3 dxc4 4. Bg2 Nf6 5. Qc2 c6 6. a4 Na6 7. Ne5 Nb4 8. Qxc4
a5 9. O-O Be7 10. Na3 O-O 11. d4 Nd7 12. Bf4 Nd5 13. Nxd7 Bxd7 14. Bd2 Bf6 15.
Nc2 e5 16. e4 Nb6 17. Qc5 Be7 18. Qc3 exd4 19. Nxd4 Bb4 20. Qc2 Bxd2 21. Qxd2
c5 22. Nf5 Bxf5 23. Qxd8 Raxd8 24. exf5 Rd7 25. b3 Nd5 26. Rfc1 b6 27. Bf1 h5
28. Rd1 Rfd8 29. Bb5 Rd6 30. Re1 Kf8 31. Re5 f6 32. Re6 Rxe6 33. fxe6 Rd6 34.
Re1 Ke7 35. Bc4 Nc7 36. f4 f5 37. Re5 g6 38. Kg2 Nxe6 39. h4 Kf6 40. Kh3 Nc7
41. Kg2 Rd7 42. Re2 Rd1 43. Re5 Rd2+ 44. Kg1 Rd4 45. Re1 Re4 46. Rd1 Ke7 47.
Bd3 Re6 48. Bc4 Re4 49. Bd3 Rd4 50. Re1+ Kf8 51. Bc4 Rd6 52. Kf2 Rd2+ 53. Ke3
Rd4 54. Kf3 Rd6 55. Re2 Ne8 56. Re6 Rxe6 57. Bxe6 Nd6 58. Bc4 Ke7 59. Ke3 Kd7
60. Bd5 Kd8 61. Kd3 Ke7 62. Bc6 Ke6 63. Bg2 Ne8 64. Kc4 Kd6 65. Kd3 Kd7 66. Bd5
Kd8 67. Bc6 Ke7 68. Bg2 Kd7 69. Bd5 Ke7 70. Bc6 Kd8 71. Bd5 Kd7 72. Ke3 Kd8 73.
Kd3 Ke7 1/2-1/2

[Event "31 Andorra open"]
[Site "Erts - La Massana"]
[Date "2013.07.27"]
[Round "8.8"]
[White "Arizmendi Martinez, Julen Luis"]
[Black "Camacho Collados, Marcos"]
[Result "1/2-1/2"]
[WhiteElo "2580"]
[BlackElo "2421"]
[PlyCount "108"]
[EventDate "2013.07.??"]

1. d4 d6 2. Nf3 g6 3. c4 Bg7 4. e4 Nd7 5. Nc3 e6 6. Be3 b6 7. Be2 Bb7 8. Rc1 a6
9. b4 a5 10. a3 axb4 11. axb4 Ngf6 12. d5 O-O 13. Nd4 Re8 14. Qc2 Qe7 15. O-O
Rac8 16. h3 exd5 17. exd5 Ne4 18. Nxe4 Qxe4 19. Qxe4 Rxe4 20. Rfd1 Kf8 21. Bg4
Ke8 22. Re1 f5 23. Nxf5 gxf5 24. Bxf5 Re5 25. Bd4 Kd8 26. Bxe5 Bxe5 27. c5 bxc5
28. bxc5 Bxd5 29. c6 Nf6 30. Bxc8 Kxc8 31. g3 Kd8 32. f4 Bd4+ 33. Kh2 h5 34.
Rc2 Bc5 35. Rec1 Bxc6 36. Rxc5 dxc5 37. Rxc5 Bd5 38. Kg1 Kd7 39. Ra5 Kd6 40.
Kf2 Ne4+ 41. Kf3 Nf6+ 42. Ke3 Bg2 43. Rf5 Ke6 44. Re5+ Kd6 45. Rf5 Nd5+ 46. Kf2
Bxh3 47. Rxh5 Bg4 48. Rg5 Nf6 49. Ke3 c5 50. Kd3 Bd7 51. Ke3 Nd5+ 52. Ke4 Nf6+
53. Ke3 Nd5+ 54. Ke4 Nf6+ 1/2-1/2

[Event "31 Andorra open"]
[Site "Erts - La Massana"]
[Date "2013.07.27"]
[Round "8.9"]
[White "Guerra Tulcan, Lenin"]
[Black "Steingrimsson, Hedinn"]
[Result "0-1"]
[WhiteElo "2372"]
[BlackElo "2557"]
[PlyCount "160"]
[EventDate "2013.07.??"]

1. e4 c5 2. Nf3 d6 3. d4 cxd4 4. Nxd4 Nf6 5. Nc3 g6 6. Be2 Bg7 7. Be3 O-O 8.
O-O Nc6 9. Qd2 d5 10. exd5 Nxd5 11. Nxc6 bxc6 12. Nxd5 cxd5 13. Bf3 e6 14. c4
Ba6 15. cxd5 Bxf1 16. Rxf1 exd5 17. Bxd5 Rb8 18. b3 a5 19. Rd1 Rc8 20. g3 Qc7
21. Bf4 Qc2 22. Qxc2 Rxc2 23. a4 Bf6 24. Be3 Rd8 25. Kg2 Rd7 26. h4 Rc8 27. Bf3
Rxd1 28. Bxd1 Kg7 29. Be2 h6 30. Bc4 Bc3 31. Kf3 Re8 32. Bb5 Re7 33. Bc4 Re5
34. Bf4 Re1 35. Be3 f6 36. Bd3 g5 37. h5 Rh1 38. g4 Re1 39. Bg6 Kf8 40. Bc5+
Kg8 41. Be3 Kg7 42. Bd3 Kg8 43. Bg6 Kg7 44. Bd3 Bb4 45. Bd4 Kf7 46. Bc4+ Ke7
47. Be2 Rc1 48. Bc4 Rg1 49. Be2 Re1 50. Bc4 Rg1 51. Be2 Rh1 52. Ke4 Re1 53. Kf3
Bd2 54. Bc4 Bb4 55. Be2 Kf7 56. Bc4+ Kg7 57. Be2 Bd2 58. Bc4 Re8 59. Bb5 Re7
60. Bc4 Bb4 61. Bb5 Bd6 62. Bc3 Bb4 63. Bd4 Re6 64. Bc4 Re7 65. Bb5 Re1 66. Bc4
Rg1 67. Be2 Rc1 68. Bc4 Bc3 69. Bc5 Rg1 70. Be2 f5 71. gxf5 Kf6 72. Bf8 Rh1 73.
Bxh6 Bb4 74. Kg3 Bd6+ 75. Kg2 Rh2+ 76. Kg1 Rh3 77. Kg2 Rxb3 78. Bb5 Rc3 79. f3
Rc8 80. f4 Bxf4 0-1

[Event "31 Andorra open"]
[Site "Erts - La Massana"]
[Date "2013.07.27"]
[Round "8.10"]
[White "Cabrera, Alexis"]
[Black "Massoni, Michael"]
[Result "1/2-1/2"]
[WhiteElo "2525"]
[BlackElo "2373"]
[PlyCount "39"]
[EventDate "2013.07.??"]

1. e4 c5 2. Nf3 e6 3. d4 cxd4 4. Nxd4 Nf6 5. Nc3 d6 6. Be3 Be7 7. f3 Nc6 8. Qd2
O-O 9. g4 Nd7 10. O-O-O a6 11. Kb1 Nxd4 12. Bxd4 b5 13. Rg1 Bb7 14. a3 Ne5 15.
Qe3 Nc6 16. Bb6 Bg5 17. Qf2 Bh4 18. Qe3 Bg5 19. Qf2 Bh4 20. Qe3 1/2-1/2

[Event "31 Andorra open"]
[Site "Erts - La Massana"]
[Date "2013.07.27"]
[Round "8.11"]
[White "Devereaux, Maxim L"]
[Black "Norwood, David R"]
[Result "0-1"]
[WhiteElo "2356"]
[BlackElo "2491"]
[PlyCount "140"]
[EventDate "2013.07.??"]

1. d4 Nf6 2. c4 c5 3. d5 e6 4. Nc3 exd5 5. cxd5 d6 6. e4 g6 7. f4 Bg7 8. Bb5+
Nfd7 9. a4 O-O 10. Nf3 Na6 11. O-O Nb4 12. Re1 a6 13. Bf1 Re8 14. h3 f5 15.
exf5 Rxe1 16. Nxe1 gxf5 17. Nf3 Nf6 18. Be3 Qe8 19. Bf2 Ne4 20. Qe2 Bd7 21.
Nxe4 Qxe4 22. Qd2 Qc2 23. Qxc2 Nxc2 24. Rc1 Nb4 25. a5 Bxb2 26. Rb1 Bc3 27. Ng5
h6 28. Nf3 Re8 29. Rb3 Bf6 30. Nd2 Bb5 31. Bc4 h5 32. g3 Ba4 33. Ra3 Bc2 34.
Bf1 Bb2 35. Re3 Rxe3 36. Bxe3 Bf6 37. Kf2 Bd8 38. Nc4 Bc7 39. Bd2 Be4 40. Bxb4
cxb4 41. Ke3 Bxd5 42. Kd4 Be6 43. Bg2 b3 44. Bf1 Kg7 45. Bd3 Kf6 46. Nb6 Bd8
47. Kc3 Kf7 48. Nc4 Bxc4 49. Bxc4+ Kf6 50. Kb4 b2 51. Bd3 b6 52. Kb3 bxa5 53.
Kxb2 Bb6 54. Kb3 Bf2 55. Ka4 Bxg3 56. Kxa5 Bxf4 57. Kxa6 h4 58. Kb5 Ke5 59. Kc4
d5+ 60. Kc3 Be3 61. Bc2 Kf4 62. Kd3 Kf3 63. Bb3 d4 64. Be6 f4 65. Bg4+ Kg3 66.
Ke4 Kg2 67. Be2 Kxh3 68. Kf3 Kh2 69. Kg4 Kg2 70. Kxh4 f3 0-1

[Event "31 Andorra open"]
[Site "Erts - La Massana"]
[Date "2013.07.27"]
[Round "8.12"]
[White "Midoux, Sebastien"]
[Black "Hamitevici, Vladimir"]
[Result "0-1"]
[WhiteElo "2329"]
[BlackElo "2482"]
[PlyCount "58"]
[EventDate "2013.07.??"]

1. e4 c6 2. d4 d5 3. e5 Bf5 4. h4 h5 5. c4 e6 6. Nc3 Ne7 7. Bg5 Qd7 8. c5 Nc8
9. Be2 b6 10. b4 a5 11. a3 Qb7 12. Nh3 Nd7 13. Be3 Ne7 14. Nf4 g6 15. O-O Bg7
16. Qd2 f6 17. exf6 Bxf6 18. f3 bxc5 19. bxc5 Qc7 20. g4 hxg4 21. fxg4 Rxh4 22.
Bf2 Rxg4+ 23. Bxg4 Bxg4 24. Rae1 Kf7 25. Nd3 Nf5 26. Kg2 Bh3+ 27. Kxh3 Rh8+ 28.
Kg4 Qh2 29. Nf4 Rh3 0-1

[Event "31 Andorra open"]
[Site "Erts - La Massana"]
[Date "2013.07.27"]
[Round "8.14"]
[White "Swan, Iain"]
[Black "Demuth, Adrien"]
[Result "1/2-1/2"]
[WhiteElo "2251"]
[BlackElo "2463"]
[PlyCount "91"]
[EventDate "2013.07.??"]

1. e4 c5 2. Nf3 Nc6 3. d4 cxd4 4. Nxd4 Nf6 5. Nc3 d6 6. Bg5 e6 7. Qd2 a6 8.
O-O-O Nxd4 9. Qxd4 Be7 10. f4 b5 11. Bxf6 gxf6 12. f5 Qc7 13. Be2 Qc5 14. Bh5
O-O 15. Rhf1 Qxd4 16. Rxd4 Bd7 17. Bg4 Ra7 18. Ne2 e5 19. Rdd1 b4 20. Ng3 Rc8
21. Rf2 Rac7 22. Kb1 Bc6 23. Bf3 Bb7 24. Nf1 Kf8 25. Ne3 Rc5 26. b3 Ke8 27. Nc4
Rxc4 28. bxc4 Rxc4 29. Re2 Kd7 30. Kb2 a5 31. Re3 Bd8 32. Kb3 Rc8 33. Red3 Rc6
34. c3 Ba6 35. cxb4 Bc4+ 36. Ka4 Bxd3 37. Rxd3 axb4 38. Kxb4 Rb6+ 39. Kc3 Ra6
40. Kb3 Bb6 41. Be2 Bc5 42. Rc3 Rb6+ 43. Kc2 Rb4 44. Rc4 Rb7 45. Rc3 Rb4 46.
Rc4 1/2-1/2

[Event "31 Andorra open"]
[Site "Erts - La Massana"]
[Date "2013.07.27"]
[Round "8.15"]
[White "Sanchez Jerez, Emilio Miguel"]
[Black "Wegerle, Joerg"]
[Result "1/2-1/2"]
[WhiteElo "2215"]
[BlackElo "2445"]
[PlyCount "83"]
[EventDate "2013.07.??"]

1. e4 c5 2. Nf3 e6 3. Nc3 a6 4. g3 b5 5. d4 cxd4 6. Nxd4 Bb7 7. Bg2 Nf6 8. a3
Qc7 9. O-O Nc6 10. Nxc6 dxc6 11. Qe2 e5 12. Nd1 Be7 13. f4 h5 14. fxe5 Qxe5 15.
Bf4 Qe6 16. Nf2 Ng4 17. Nd3 c5 18. b4 c4 19. Nc5 Qb6 20. Be3 Nxe3 21. Qxe3 Rc8
22. Rf5 g6 23. Re5 Rc7 24. Qg5 Kf8 25. Qe3 Qd6 26. Rxe7 Qxe7 27. Qd4 Kg8 28.
Rd1 Kh7 29. Nd7 Rxd7 30. Qxd7 Re8 31. Qxe7 Rxe7 32. Rd4 Kg7 33. Kf2 Kf6 34. c3
Ke5 35. a4 Bc6 36. a5 Re8 37. h4 Rf8 38. Bf3 f5 39. exf5 Rxf5 40. Rf4 Bxf3 41.
Rxf5+ Kxf5 42. Kxf3 1/2-1/2

[Event "31 Andorra open"]
[Site "Erts - La Massana"]
[Date "2013.07.27"]
[Round "8.16"]
[White "Sahl, Sheila Barth"]
[Black "Kogan, Artur"]
[Result "1-0"]
[WhiteElo "2229"]
[BlackElo "2570"]
[PlyCount "167"]
[EventDate "2013.07.??"]

1. e4 c5 2. Nf3 Nc6 3. Bb5 Qb6 4. Nc3 e6 5. Bxc6 bxc6 6. d3 Ne7 7. h4 d6 8. b3
e5 9. Nd2 h5 10. Nc4 Qc7 11. Bd2 Be6 12. f4 exf4 13. Bxf4 Ng6 14. Bg3 Be7 15.
Ne2 Qd8 16. Nf4 Nxf4 17. Bxf4 Bg4 18. Qd2 Bxh4+ 19. Kf1 Be7 20. e5 d5 21. Nd6+
Bxd6 22. exd6 O-O 23. Kf2 Qf6 24. Kg3 Rae8 25. Rae1 Qd8 26. Kf2 Re6 27. Rhf1 h4
28. Kg1 h3 29. Rxe6 Bxe6 30. gxh3 Bxh3 31. Rf3 Qh4 32. Qf2 Qh5 33. Re3 Be6 34.
c4 d4 35. Rg3 Bf5 36. Bg5 Qd1+ 37. Kh2 Bxd3 38. Be7 Qh5+ 39. Rh3 Qe5+ 40. Qg3
Qe2+ 41. Qg2 Rb8 42. Rxd3 Qxd3 43. d7 Qh7+ 44. Kg1 Qb1+ 45. Kh2 Qe1 46. d8=Q+
Rxd8 47. Bxd8 Qe5+ 48. Kg1 d3 49. Ba5 Qd4+ 50. Qf2 Qg4+ 51. Kf1 Qd1+ 52. Qe1
Qf3+ 53. Kg1 f5 54. Qf2 Qd1+ 55. Kg2 Qg4+ 56. Qg3 Qe2+ 57. Qf2 Qe4+ 58. Qf3 Qd4
59. Qf2 Qe5 60. Qf3 Qb2+ 61. Qf2 Qf6 62. Qe3 Qb2+ 63. Qf2 Qe5 64. Qf3 Qd4 65.
Qf2 Qd7 66. Bd2 Qe6 67. Qe3 Qd7 68. Qxc5 g5 69. Qe5 Kh7 70. c5 Qf7 71. Qd6 Qh5
72. Qc7+ Kg8 73. Qc8+ Kf7 74. Qxf5+ Ke8 75. Qe6+ Kf8 76. Qf6+ Ke8 77. Qxc6+ Ke7
78. Qd6+ Ke8 79. Qe6+ Kf8 80. c6 Qd1 81. Qf6+ Ke8 82. Qg6+ Kd8 83. Qxd3+ Ke8
84. Qd7+ 1-0

[Event "31 Andorra open"]
[Site "Erts - La Massana"]
[Date "2013.07.27"]
[Round "8.17"]
[White "Alonso Rosell, Alvar"]
[Black "MacQueen, Calum"]
[Result "1-0"]
[WhiteElo "2550"]
[BlackElo "2248"]
[PlyCount "61"]
[EventDate "2013.07.??"]

1. d4 Nf6 2. c4 g6 3. Nc3 Bg7 4. e4 d6 5. h3 O-O 6. Nf3 e5 7. d5 a5 8. Bg5 Na6
9. Be2 Qe8 10. g4 Nd7 11. a3 f5 12. gxf5 gxf5 13. Nh4 Nf6 14. exf5 Nc5 15. Rg1
Kh8 16. Qc2 Bd7 17. O-O-O a4 18. Kb1 Ng8 19. Ne4 Nxe4 20. Qxe4 Ne7 21. Bg4 Bf6
22. f4 Ng8 23. Rde1 exf4 24. Bxf6+ Rxf6 25. Qxf4 Qf7 26. Qd4 Rf8 27. Bd1 Nh6
28. Bc2 Qh5 29. Ka2 R8f7 30. Re7 Ng8 31. Ng6+ 1-0

[Event "31 Andorra open"]
[Site "Erts - La Massana"]
[Date "2013.07.27"]
[Round "8.18"]
[White "Peray, Sebastien"]
[Black "Ibarra Jerez, Jose Carlos"]
[Result "1-0"]
[WhiteElo "2218"]
[BlackElo "2538"]
[PlyCount "109"]
[EventDate "2013.07.??"]

1. d4 Nf6 2. c4 c5 3. d5 e6 4. Nc3 exd5 5. cxd5 d6 6. e4 g6 7. f4 Bg7 8. Bb5+
Nfd7 9. a4 O-O 10. Nf3 Re8 11. O-O a6 12. Be2 Nf8 13. Nd2 Nbd7 14. Nc4 Nb6 15.
Na3 Bd7 16. Qc2 Qe7 17. Bf3 Nc8 18. Bd2 Rb8 19. Rab1 b5 20. axb5 axb5 21. b4
Na7 22. Ne2 f5 23. Ng3 Rbc8 24. bxc5 Bd4+ 25. Kh1 fxe4 26. Bxe4 Bxc5 27. Qb2
Bg4 28. f5 Qh4 29. fxg6 hxg6 30. Rf6 Bxa3 31. Rxf8+ Rxf8 32. Qxa3 Qe7 33. Bxg6
Rc7 34. Qb4 Rc4 35. Qb3 Bd7 36. Qd3 Rg4 37. Re1 Qg7 38. Bh5 Rh4 39. Bc3 Qg5 40.
Bd2 Qg7 41. Bc3 Qg5 42. Re7 Bf5 43. Nxf5 Rxf5 44. Rg7+ Qxg7 45. Bxg7 Rhxh5 46.
Bd4 Rxd5 47. Qg6+ Kf8 48. Qg7+ Ke8 49. Qxa7 Rhe5 50. g4 Re1+ 51. Kg2 Rg5 52. h3
Re7 53. Qb8+ Kf7 54. Qxd6 Rg6 55. Qd5+ 1-0

[Event "31 Andorra open"]
[Site "Erts - La Massana"]
[Date "2013.07.27"]
[Round "8.20"]
[White "Berkovich, Mark A"]
[Black "Fernandez Lopez, Joan"]
[Result "1/2-1/2"]
[WhiteElo "2375"]
[BlackElo "2126"]
[PlyCount "39"]
[EventDate "2013.07.??"]

1. c4 e5 2. g3 d6 3. Bg2 f5 4. Nc3 Nf6 5. e3 Be7 6. Nge2 O-O 7. O-O Na6 8. Rb1
c6 9. b4 Nc7 10. b5 Qe8 11. bxc6 bxc6 12. Qa4 e4 13. d3 Ne6 14. Nd4 Nc5 15.
Qxc6 Bd7 16. Qc7 Nxd3 17. Qa5 Ne5 18. Nd5 Nxc4 19. Qa6 Nxd5 20. Qxc4 1/2-1/2